Statistics for Western Europe quiz

Click here to take the quiz!

General Stats

  • This quiz has been taken 9 times
  • The average score is 16 of 18

Answer Stats

Answer% Correct
denmark
100%
iceland
100%
Ireland
100%
Monaco
100%
Norway
100%
Portugal
100%
Spain
100%
UK
100%
Belguim
86%
France
86%
Germany
86%
Italy
86%
Liechtenstein
86%
Luxembourg
86%
Switzerland
86%
Netherlands
71%
Vatican city
71%
San Marino
57%

Score Distribution

Percentile by Number Answered

Percent of People with Each Score

Your Score History

You have not taken this quiz